01609 a2200265 45000010006000000050017000060080041000230030015000640400040000790800073001192450084001920200018002762500011002942640042003053000024003475050689003710410008010601000025010687000021010937000021011147000034011357000038011697000030012078560106012372295920260407155519.0260407a1997 arg spa dAR-UNSa-BCEJYS aAR-UNSa-BCEJYSbspacAR-UNSa-BCEJYS a510xConsideraciones fundamentales y generales de las matemáticas 10aMatemáticas para administración, economía, ciencias sociales y de la vida a968-880-963-2 a8a. ed 1aMéxico :bPearson Educaciónc1997 axiii, 941 p.c27 cm a0. Repaso de álgebra - 1. Ecuaciones - 2. Aplicaciones de ecuaciones y desigualdades - 3. Funciones y gráficas - 4. Rectas, parábolas y sistemas - 5. Funciones exponencial y logarítmica - 6. Algebra matricial - 7. Programación lineal - 8. Matemáticas financieras - 9. Introducción a la probabilidad y a la estadística - 10. Temas adicionales de probabilidad - 11. Límites y continuidad - 12. Diferenciación - 13. Temas adicionales sobre diferenciación - 14. Trazado de curvas - 15. Aplicaciones de la diferenciación - 16. Integración - 17. Métodos y aplicaciones de la integración - 18. Variables aleatorias continuas - 19. Cálculo de varias variables  aspa1 aHaeussler, Ernest F.1 aPaul, Richard S.1 aCera, Jose de la1 aIbarra Mercado, Víctor Hugo1 aLópez Laiseca, Maria del Carmen1 aVanegas Gordillo, Orlando41uhttps://biblioeco.unsa.edu.ar/pmb/images/libros/Matem?ticas-l86613.jpgyImagen de portadaqimage/jpeg